| 000 | 00765nam a2200253 a 4500 | ||
|---|---|---|---|
| 001 | 000015079 | ||
| 005 | 20200929163941.0 | ||
| 008 | 091021s2006 pr 000 f spa d | ||
| 020 | _z193227152X | ||
| 040 |
_aDO-SdBNP _bspa _cBNPHU |
||
| 082 |
_aCu863.44 _bB663f, 2006 |
||
| 100 | 1 |
_aBobes, Marilyn, _d1955- _927415 |
|
| 245 | 1 | 0 |
_aFiebre de invierno / _cMarilyn Bobes. |
| 250 | _a2a ed. | ||
| 260 |
_aSan Juan, Puerto Rico : _bIsla Negra, _c2006. |
||
| 300 |
_a107 p. ; _c22 cm. |
||
| 490 | 1 | _aEl canon secuestrado | |
| 586 | _aPremio Casa de las Américas de novela, 2005 | ||
| 650 | 4 |
_aNovela cubana _92316 |
|
| 650 | 4 |
_aLiteratura cubana _91483 |
|
| 830 | 3 |
_aEl canon secuestrado _96917 |
|
| 910 | _aValidado. Control de calidad BNPHU | ||
| 049 | _aBNPD | ||
| 999 |
_c14651 _d14651 |
||